000 00283nam a22001337a 4500
008 170726b xxu||||| |||| 00| 0 eng d
020 _a9783772385230
041 _aeng
080 _a004
100 _a30
101 _aSHK
245 _aPIC CONTROLLER
_cTHIESER,M
942 _2udc
_cBK
999 _c21903
_d21903